000 00316nam a2200133 i 4500
001 bg
100 1 _aKULA, Witold
245 0 _aRozwój gospodarczy Polski XVI-XVIII w. /
_cWitold Kula.
260 _aWarszawa,
_c1993.
040 _cBPK
041 _apol
942 _cKS
008 s pl f |000 0 pol
999 _c29931
_d29931
856 _uhttp://koha.tu.koszalin.pl/cgi-bin/koha/opac-detail.pl?biblionumber=29931
_yKatalog online BPK